[Event "XXVe Open de Metz"]
[Site "Metz"]
[Date "2007.04.15"]
[Round "2.1"]
[White "Pytel, Krzysztof"]
[Black "Spraggett, Kevin"]
[Result "1/2-1/2"]
[WhiteElo "2396"]
[BlackElo "2631"]
[PlyCount "51"]
[EventDate "2007.04.15"]

1. d4 Nf6 2. Nf3 e6 3. e3 b6 4. Bd3 Bb7 5. O-O c5 6. c4 d6 7. Nc3 Nbd7 8. a3
Be7 9. b4 cxd4 10. exd4 O-O 11. Rb1 Re8 12. Re1 Bf8 13. Bf4 a6 14. h3 g6 15.
Nd2 e5 16. dxe5 dxe5 17. Bg5 h6 18. Bh4 Qc7 19. Nde4 Bg7 20. Bxf6 Nxf6 21.
Nxf6+ Bxf6 22. Qb3 Kg7 23. Be4 Rad8 24. Bxb7 Qxb7 25. Nd5 Qc6 26. Ra1 1/2-1/2

[Event "XXVe Open de Metz"]
[Site "Metz"]
[Date "2007.04.15"]
[Round "2.3"]
[White "Nguyen, Chi-Minh"]
[Black "Malakhatko, Vadim"]
[Result "1/2-1/2"]
[WhiteElo "2345"]
[BlackElo "2598"]
[PlyCount "65"]
[EventDate "2007.04.15"]

1. d4 Nf6 2. c4 e6 3. Nc3 Bb4 4. e3 b6 5. Bd3 Bb7 6. Nf3 c5 7. O-O O-O 8. Na4
cxd4 9. exd4 Be7 10. Re1 d6 11. a3 Nbd7 12. b4 Re8 13. h3 a6 14. Bf4 Rc8 15.
Rc1 Nf8 16. Be3 N6d7 17. Qe2 Ng6 18. Red1 Rc7 19. d5 exd5 20. cxd5 Rxc1 21.
Rxc1 b5 22. Nc3 Bf6 23. a4 Bxc3 24. Bxg6 hxg6 25. Rxc3 Nf6 26. axb5 Nxd5 27.
Ra3 Nxe3 28. Rxe3 Rxe3 29. Qxe3 axb5 30. Nd4 Qd7 31. Qg5 Bc6 32. Nxc6 Qxc6 33.
Qd8+ 1/2-1/2

[Event "XXVe Open de Metz"]
[Site "Metz"]
[Date "2007.04.15"]
[Round "2.4"]
[White "Burmakin, Vladimir 2593"]
[Black "Clery, Nicolas 2349"]
[Result "1-0"]
[WhiteElo "2593"]
[BlackElo "2349"]
[PlyCount "103"]
[EventDate "2007.04.15"]

1. d4 d5 2. Nf3 Nf6 3. c4 e6 4. Bg5 c6 5. Nbd2 Be7 6. e3 O-O 7. Bd3 b6 8. O-O
Bb7 9. Qe2 Nbd7 10. Rac1 c5 11. cxd5 Nxd5 12. Bxe7 Qxe7 13. Ba6 Bxa6 14. Qxa6
Rfc8 15. a3 Rc7 16. e4 N5f6 17. Rc2 Rac8 18. Rfc1 Nb8 19. Qc4 Ne8 20. Qa4 Qd7
21. Qxd7 Nxd7 22. Kf1 Kf8 23. Ke2 Ke7 24. h4 h5 25. g3 g6 26. dxc5 Rxc5 27.
Rxc5 Rxc5 28. Rxc5 Nxc5 29. Ne5 a6 30. Ke3 Nf6 31. Kd4 Ncd7 32. Nxd7 Nxd7 33.
e5 Nb8 34. Nc4 Nc6+ 35. Ke4 b5 36. Nd2 Kd7 37. Nb3 Kc7 38. Nc5 a5 39. Kf4 a4
40. Nd3 Kb6 41. Kg5 b4 42. axb4 Kb5 43. Kf6 Kc4 44. Nc1 Kd4 45. f4 Nxb4 46.
Kxf7 Ke3 47. Kxe6 Kd2 48. Kd6 Kxc1 49. e6 Kxb2 50. e7 a3 51. e8=Q a2 52. Qxg6
1-0

[Event "XXVe Open de Metz"]
[Site "Metz"]
[Date "2007.04.15"]
[Round "2.5"]
[White "Aguettaz, Maxime"]
[Black "Guliyev, Namig"]
[Result "0-1"]
[WhiteElo "2329"]
[BlackElo "2590"]
[PlyCount "110"]
[EventDate "2007.04.15"]

1. Nf3 d5 2. d4 Nf6 3. c4 dxc4 4. e3 e6 5. Bxc4 a6 6. a4 c5 7. O-O Nc6 8. Nc3
Be7 9. Qe2 O-O 10. Rd1 Qc7 11. b3 Na5 12. d5 Nxc4 13. bxc4 exd5 14. Nxd5 Nxd5
15. cxd5 Bd6 16. Bb2 Bg4 17. h3 Bxf3 18. Qxf3 b6 19. Qf5 Qc8 20. Qh5 f6 21. e4
c4 22. Ba3 Bxa3 23. Rxa3 Qc5 24. Rg3 b5 25. e5 fxe5 26. Rxg7+ Kxg7 27. Qg5+ Kf7
28. Qh5+ Ke7 29. Qxe5+ Kd8 30. Qg5+ Kc8 31. Qg4+ Kb7 32. axb5 Rad8 33. bxa6+
Ka8 34. d6 Qxf2+ 35. Kh1 Qf4 36. Qe6 Qf5 37. Qxc4 Rc8 38. Qb4 Rf7 39. Qb6 Rd7
40. Rb1 Qd5 41. Qb2 Rg8 42. Rf1 Qxd6 43. Qb3 Qd5 44. Qxd5+ Rxd5 45. Rf2 h5 46.
Kh2 Ka7 47. Rb2 Kxa6 48. Kh1 Rb5 49. Rc2 Kb6 50. Kh2 Rc5 51. Rb2+ Kc6 52. Ra2
Kd5 53. Rf2 Ke4 54. Rf1 Rc2 55. Rg1 Rf2 0-1

[Event "XXVe Open de Metz"]
[Site "Metz"]
[Date "2007.04.15"]
[Round "2.7"]
[White "Knecht, Alain"]
[Black "Sulava, Nenad"]
[Result "0-1"]
[WhiteElo "2280"]
[BlackElo "2549"]
[PlyCount "78"]
[EventDate "2007.04.15"]

1. e4 c5 2. c3 g6 3. d4 cxd4 4. cxd4 d5 5. exd5 Nf6 6. Bb5+ Nbd7 7. Nc3 Bg7 8.
Nf3 O-O 9. Bg5 Nb6 10. Bxf6 Bxf6 11. Qb3 e6 12. d6 Qxd6 13. Ne4 Qd8 14. Nxf6+
Qxf6 15. O-O Qd8 16. Rac1 Bd7 17. Bxd7 Qxd7 18. Qe3 Nd5 19. Qh6 f6 20. Rc2 Rac8
21. Rxc8 Rxc8 22. Rc1 g5 23. Rxc8+ Qxc8 24. h3 Qf8 25. Qxf8+ Kxf8 26. g3 Ke7
27. Kf1 Nb4 28. a3 Nd3 29. b4 Kd6 30. Ke2 Nb2 31. Nd2 Kd5 32. Ke3 f5 33. Nf3 h6
34. Ne5 Nc4+ 35. Nxc4 Kxc4 36. g4 b5 37. gxf5 exf5 38. f4 a6 39. fxg5 hxg5 0-1

[Event "XXVe Open de Metz"]
[Site "Metz"]
[Date "2007.04.15"]
[Round "2.8"]
[White "Savchenko, Stanislav"]
[Black "Peric, Slavisa"]
[Result "1-0"]
[WhiteElo "2545"]
[BlackElo "2289"]
[PlyCount "83"]
[EventDate "2007.04.15"]

1. d4 d5 2. c4 c6 3. Nf3 Nf6 4. Qb3 Qb6 5. Nc3 Bf5 6. c5 Qc7 7. Bf4 Qc8 8. e3
h6 9. Qd1 Nbd7 10. Be2 e6 11. Nd2 Be7 12. Rc1 Bd8 13. O-O Bc7 14. Bxc7 Qxc7 15.
f4 h5 16. Nf3 g6 17. b4 Ne4 18. Nxe4 Bxe4 19. Nd2 Bf5 20. Qa4 O-O 21. b5 f6 {=}
22. Nb3 e5 23. bxc6 bxc6 24. Na5 Nb8 25. fxe5 fxe5 26. Rf2 exd4 27. exd4 Be4
28. Rxf8+ Kxf8 29. Rf1+ Kg7 30. Bf3 Bd3 31. Re1 Bb5 32. Qb4 Na6 33. Qd2 Rf8 34.
Qg5 Qf4 35. Re7+ Kh8 36. Qxf4 Rxf4 37. Rxa7 Nb4 38. Nb3 Bc4 39. Rb7 Nxa2 40.
Na5 Rxd4 41. Nxc6 Nc3 42. Nxd4 1-0

[Event "XXVe Open de Metz"]
[Site "Metz"]
[Date "2007.04.15"]
[Round "2.9"]
[White "Bednarich, Jan"]
[Black "Kasparov, Sergey"]
[Result "1/2-1/2"]
[WhiteElo "2259"]
[BlackElo "2536"]
[PlyCount "61"]
[EventDate "2007.04.15"]

1. e4 d5 2. Nc3 dxe4 3. Nxe4 Nd7 4. d4 Ngf6 5. Bd3 Nxe4 6. Bxe4 Nf6 7. Bf3 c6
8. Ne2 Bg4 9. Bxg4 Nxg4 10. Qd3 e6 11. Qg3 Nf6 12. O-O g6 13. a4 Bd6 14. Qh4
Nd5 15. Qh6 Bf8 16. Qh3 Bg7 17. a5 O-O 18. Bh6 Bxh6 19. Qxh6 Qf6 20. Ra3 Rad8
21. Rh3 Qg7 22. Qh4 Rd7 23. c3 Re8 24. f4 b6 25. Qf2 Rc8 26. Ng3 f5 27. Re1 Re7
28. Nf1 c5 29. dxc5 bxc5 30. Rd3 Nf6 31. Nd2 1/2-1/2

[Event "XXVe Open de Metz"]
[Site "Metz"]
[Date "2007.04.15"]
[Round "2.10"]
[White "Sikula, Vaszilij"]
[Black "Marzolf, Bruno"]
[Result "1-0"]
[WhiteElo "2536"]
[BlackElo "2259"]
[PlyCount "99"]
[EventDate "2007.04.15"]

1. e4 e5 2. Nf3 Nc6 3. Bc4 Nf6 4. d3 Bc5 5. c3 a6 6. O-O Ba7 7. Bb3 d6 8. Nbd2
O-O 9. h3 h6 10. Re1 Nh5 11. Nf1 Qf6 12. Be3 Nf4 13. Ng3 g5 14. Nh2 Qg6 15. d4
Kh8 16. Bc2 Ne7 17. Qf3 f6 18. Kh1 Bd7 19. Rad1 Bc6 20. Rd2 Qh7 21. b4 Neg6 22.
Nf5 Ne7 23. Nxe7 Qxe7 24. Nf1 Bd7 25. Ng3 Qh7 26. Nf5 Rg8 27. c4 Bc6 28. d5 Be8
29. Bxa7 Rxa7 30. Qe3 Ra8 31. c5 Bd7 32. Ng3 h5 33. Nf1 h4 34. f3 Bb5 35. Nh2
Rac8 36. c6 bxc6 37. a4 Bc4 38. Qc3 Ba2 39. Ra1 cxd5 40. Rxa2 d4 41. Qc4 Rb8
42. a5 Qe7 43. g4 Kg7 44. Ra4 c5 45. bxc5 dxc5 46. Qxa6 Rb2 47. Qc4 d3 48. Bb3
Rb1+ 49. Rd1 Rxd1+ 50. Bxd1 1-0

[Event "XXVe Open de Metz"]
[Site "Metz"]
[Date "2007.04.15"]
[Round "2.11"]
[White "Schweitzer, Viktoriya"]
[Black "Shchekachev, Andrei"]
[Result "0-1"]
[WhiteElo "2243"]
[BlackElo "2530"]
[PlyCount "66"]
[EventDate "2007.04.15"]

1. e4 c5 2. Nf3 e6 3. d4 cxd4 4. Nxd4 a6 5. Nc3 Qc7 6. Be2 b5 7. a3 Bb7 8. O-O
Nf6 9. Bf3 d6 10. Bg5 Nbd7 11. Bxf6 Nxf6 12. Qd3 Nd7 13. Be2 Be7 14. f4 O-O 15.
Rad1 Rac8 16. f5 e5 17. Nb3 Nf6 18. Kh1 a5 19. Qxb5 Nxe4 20. Rd3 Nf6 21. Nxa5
Ba8 22. Rg3 d5 23. b4 d4 24. Na4 Qxc2 25. Qxe5 Rce8 26. Bd1 Qd2 27. Nb3 Qh6 28.
Qxd4 Ne4 29. Rg4 Bd6 30. h4 Ng3+ 31. Kg1 Nxf1 32. Kxf1 Be5 33. Qf2 Qa6+ 0-1

[Event "XXVe Open de Metz"]
[Site "Metz"]
[Date "2007.04.15"]
[Round "2.14"]
[White "Abergel, Thal"]
[Black "Daurelle, Herve"]
[Result "1-0"]
[WhiteElo "2498"]
[BlackElo "2209"]
[PlyCount "57"]
[EventDate "2007.04.15"]

1. d4 Nf6 2. Nf3 e6 3. e3 c5 4. Bd3 b6 5. O-O Bb7 6. c4 Be7 7. Nc3 cxd4 8. exd4
d5 9. cxd5 Nxd5 10. Ne5 O-O 11. Qg4 Nc6 12. Bh6 Bf6 13. Qe4 g6 14. Bxf8 Kxf8
15. Nxd5 Nxe5 16. dxe5 Bxd5 17. Qd4 Be7 18. Rfd1 Bc5 19. Qf4 Qc7 20. Be4 Rd8
21. Bxd5 exd5 22. b4 Be7 23. Rac1 Qd7 24. Rd4 Qe6 25. Rcd1 g5 26. Qd2 Qxe5 27.
Rxd5 Rxd5 28. Qxd5 Qb2 29. Qd4 1-0

[Event "XXVe Open de Metz"]
[Site "Metz"]
[Date "2007.04.15"]
[Round "2.15"]
[White "Defrance, Laurent"]
[Black "Kalinitschew, Sergey"]
[Result "1-0"]
[WhiteElo "2177"]
[BlackElo "2488"]
[PlyCount "81"]
[EventDate "2007.04.15"]

1. d4 Nf6 2. c4 c5 3. d5 b5 4. cxb5 a6 5. bxa6 Bxa6 6. Nc3 g6 7. e4 Bxf1 8.
Kxf1 d6 9. g3 Bg7 10. Kg2 O-O 11. Nf3 Nbd7 12. Re1 Qb8 13. Qe2 Nb6 14. a4 Ra7
15. Ra3 Ne8 16. a5 Nd7 17. Nd2 Nc7 18. Nc4 Nb5 19. Nxb5 Qxb5 20. Bd2 Bxb2 21.
Rb1 Ne5 22. Rc3 Rb8 23. Rxb2 Qxb2 24. Nxb2 Rxb2 25. Rc1 Rxa5 26. Qd1 Raa2 27.
Be3 Re2 28. Kf1 Reb2 29. Ra1 h5 30. Rxa2 Rxa2 31. Qb1 Ra4 32. Bf4 Ng4 33. f3
Nf6 34. Qb8+ Kg7 35. Qb2 Rb4 36. Qa1 Rb3 37. Ke2 Kh7 38. Bxd6 Nd7 39. Bxe7 c4
40. Bf6 Nc5 41. Qa7 1-0

[Event "XXVe Open de Metz"]
[Site "Metz"]
[Date "2007.04.15"]
[Round "2.16"]
[White "Gladyszev, Oleg"]
[Black "Dubois, Martine"]
[Result "1-0"]
[WhiteElo "2485"]
[BlackElo "2092"]
[PlyCount "85"]
[EventDate "2007.04.15"]

1. d4 Nf6 2. c4 g6 3. Nc3 d5 4. Bg5 Ne4 5. Bh4 Nxc3 6. bxc3 dxc4 7. e3 Be6 8.
Rb1 Nd7 9. Nf3 Nb6 10. Be2 Bg7 11. O-O O-O 12. e4 f5 13. Ng5 Bd7 14. exf5 Rxf5
15. Bg4 Ra5 16. Be6+ Bxe6 17. Nxe6 Qd7 18. Nxg7 Kxg7 19. Re1 e6 20. Qd2 Re8 21.
Bg3 h6 22. Be5+ Kh7 23. Re3 Kg8 24. Rg3 Qh7 25. Re1 Nd5 26. h4 Ne7 27. Bxc7 Ra6
28. h5 g5 29. Be5 Nf5 30. Rf3 Rf8 31. d5 Qd7 32. d6 Ra5 33. Qe2 Rc5 34. Bh2 Ng7
35. Rxf8+ Kxf8 36. g4 b5 37. Qe4 Qf7 38. Be5 Rd5 39. Qh7 Rxe5 40. Qh8+ Qg8 41.
Qxg8+ Kxg8 42. Rxe5 a6 43. d7 1-0

[Event "XXVe Open de Metz"]
[Site "Metz"]
[Date "2007.04.15"]
[Round "2.17"]
[White "Vignale, Stephane"]
[Black "Krivoshey, Sergei"]
[Result "0-1"]
[WhiteElo "2088"]
[BlackElo "2475"]
[PlyCount "110"]
[EventDate "2007.04.15"]

1. d4 d5 2. c4 c6 3. Nc3 Nf6 4. cxd5 cxd5 5. Bf4 Nc6 6. e3 a6 7. Bd3 Bg4 8. f3
Bh5 9. Nge2 e6 10. O-O Bg6 11. Bg3 Bd6 12. a3 O-O 13. Bxg6 hxg6 14. b4 Bxg3 15.
hxg3 Qd6 16. Na4 e5 17. dxe5 Qxe5 18. Qd3 Rfe8 19. Kf2 Qg5 20. Nb6 Rad8 21. Nf4
Ne5 22. Qd4 Neg4+ 23. fxg4 Re4 24. Nh3 Qxg4 25. Qd1 Qe6 26. Na4 Ng4+ 27. Kg1
Nxe3 28. Nc5 Qb6 29. Qf3 Nxf1 30. Rxf1 Re7 31. Nf4 Qc6 32. Rd1 Re5 33. Ncd3
Ree8 34. Nc5 Re5 35. Ncd3 Rf5 36. Qe3 d4 37. Qc1 Qb6 38. Qc4 g5 39. g4 Rxf4 40.
Nxf4 gxf4 41. g5 g6 42. Rd3 Qd6 43. Kf2 Qe5 44. Qc5 Qe4 45. Rh3 Re8 46. Kg1
Qe1+ 47. Kh2 Qe5 48. Qxe5 Rxe5 49. Rd3 Re4 50. g3 fxg3+ 51. Rxg3 Kf8 52. Kg2
Ke7 53. Kf2 Kd6 54. Rf3 Re7 55. Rf6+ Kd5 0-1

[Event "XXVe Open de Metz"]
[Site "Metz"]
[Date "2007.04.15"]
[Round "2.18"]
[White "Gharamian, Tigran"]
[Black "Vaillant, Stephane"]
[Result "1-0"]
[WhiteElo "2471"]
[BlackElo "2044"]
[PlyCount "61"]
[EventDate "2007.04.15"]

1. e4 e6 2. d4 d5 3. Nc3 Bb4 4. e5 c5 5. a3 Bxc3+ 6. bxc3 Ne7 7. Qg4 O-O 8. Bd3
f5 9. exf6 Rxf6 10. Bg5 Rf7 11. Qh5 g6 12. Qd1 Nbc6 13. Nf3 Qa5 14. Bd2 Qc7 15.
dxc5 e5 16. Ng5 Rf8 17. c4 e4 18. cxd5 exd3 19. d6 Qd7 20. dxe7 Qxe7+ 21. Be3
Rf5 22. h4 Rxc5 23. Qxd3 Bf5 24. Qb3+ Kg7 25. O-O Re5 26. Bf4 Re2 27. Bd6 Qe8
28. Qxb7+ Bd7 29. Qb2+ Kg8 30. Qb3+ Kg7 31. Qc3+ 1-0

[Event "XXVe Open de Metz"]
[Site "Metz"]
[Date "2007.04.15"]
[Round "2.19"]
[White "Maruejols, Claude"]
[Black "Haub, Thorsten-Michael"]
[Result "0-1"]
[WhiteElo "2033"]
[BlackElo "2468"]
[PlyCount "108"]
[EventDate "2007.04.15"]

1. d4 g6 2. c4 Bg7 3. e4 d6 4. Nc3 Nc6 5. d5 Nd4 6. Be3 e5 7. Nge2 Nxe2 8. Bxe2
f5 9. f3 Bh6 10. Bxh6 Nxh6 11. O-O O-O 12. b4 a5 13. a3 Kg7 14. Qc2 fxe4 15.
fxe4 Rxf1+ 16. Rxf1 axb4 17. axb4 Qg5 18. Qc1 Qe7 19. Nb5 c6 20. dxc6 bxc6 21.
Nc3 Be6 22. b5 Qa7+ 23. Kh1 Qc5 24. bxc6 Qxc6 25. Nb5 Nf7 26. Rd1 Rf8 27. Qc2
Qc5 28. Qd3 Rd8 29. h3 Bd7 30. Rf1 Be6 31. Ra1 Rd7 32. Kh2 Ng5 33. Rf1 h6 34.
h4 Nh7 35. g3 Nf6 36. Kg2 Qc6 37. Nc3 Ra7 38. Qf3 Rf7 39. Qd3 Qc5 40. Nd5 Bxd5
41. cxd5 Qb4 42. Bf3 Nd7 43. Rb1 Qa5 44. Rb7 Nc5 45. Rxf7+ Kxf7 46. Qe3 Kg7 47.
Kh3 Qb4 48. Kh2 Qd4 49. Qe1 g5 50. Kh3 Qd3 51. Qh1 Qe3 52. Kg4 Nd3 53. Kf5 Qa7
54. Bh5 Qd7# 0-1

[Event "XXVe Open de Metz"]
[Site "Metz"]
[Date "2007.04.15"]
[Round "2.20"]
[White "Petkov, Vladimir"]
[Black "Scheynin, Julia"]
[Result "1-0"]
[WhiteElo "2456"]
[BlackElo "2018"]
[PlyCount "63"]
[EventDate "2007.04.15"]

1. d4 d5 2. c4 e6 3. Nc3 Nf6 4. Bg5 Be7 5. cxd5 exd5 6. e3 c6 7. Bd3 O-O 8. Qc2
Nbd7 9. Nf3 Re8 10. O-O Nf8 11. Rab1 Be6 12. b4 a6 13. Na4 Nh5 14. Bxe7 Qxe7
15. Nc5 g6 16. a4 Rec8 17. Qd2 Ng7 18. b5 axb5 19. axb5 Bf5 20. bxc6 bxc6 21.
Bxf5 Nxf5 22. Ne5 Ra7 23. Rb6 Qe8 24. e4 dxe4 25. Nxe4 Qe6 26. Qb2 f6 27. d5
Qe7 28. Rxc6 Rb7 29. Nxf6+ Kg7 30. Qc3 Ra8 31. Neg4 Kf7 32. Re1 1-0

[Event "XXVe Open de Metz"]
[Site "Metz"]
[Date "2007.04.15"]
[Round "2.46"]
[White "Bazille, Reynald"]
[Black "Mahan, James Robert"]
[Result "1-0"]
[WhiteElo "1850"]
[BlackElo "1521"]
[PlyCount "37"]
[EventDate "2007.04.15"]

1. c4 e5 2. Nc3 Nc6 3. Nf3 Nf6 4. e4 Bb4 5. d3 d6 6. a3 Bc5 7. b4 Bb6 8. Bd2
O-O 9. Be2 Nd4 10. Nxd4 Bxd4 11. Rc1 Bd7 12. O-O Qe7 13. Bg5 h6 14. Nd5 Qd8 15.
Nxf6+ gxf6 16. Bxh6 Re8 17. Bh5 Be6 18. Qf3 Bb2 19. Qg3+ 1-0

[Event "XXVe Open de Metz"]
[Site "Metz"]
[Date "2007.04.15"]
[Round "2.48"]
[White "Turboust, Roger"]
[Black "Bormann, Marco"]
[Result "0-1"]
[WhiteElo "1849"]
[BlackElo "1499"]
[Annotator "Bormann,Marco"]
[PlyCount "66"]

1. e4 d6 2. d4 Nf6 3. Nc3 g6 4. Nf3 Bg7 5. Be3 O-O 6.
Be2 Nbd7 7. h3 c5 8. Qd2 cxd4 9. Nxd4 Nc5 10. Bf3 a6 11. O-O Ne6 12. Rfd1 Rb8
13. g4 b5 14. Nc6 Qc7 15. Nxb8 Qxb8 16. g5 Nd7 17. Nd5 Re8 18. c3 Ne5 19. Be2
Nc5 20. Bxc5 dxc5 21. Nxe7+ Rxe7 22. Qd8+ Bf8 23. h4 Qb7 24. Rd5 Nc6 25. Qd6
Rxe4 26. Qg3 Rxe2 27. Rad1 Bf5 28. h5 Re4 29. f4 Qc7 30. Rf1 Bd6 31. Re1 Bxf4
32. Rxe4 Bxe4 33. Qe1 Bh2+ 0-1